000 00597nam a22002055i 4500
001 54175
003 ES-MaACL
005 20250826070418.0
007 t|
008 960716s1861 sp ||||1| spa d
040 _aCAM
_bspa
_cCAM
080 _a331.101
100 1 _aFiguerola, Laureano,
_d1816-1903
_950808
245 1 0 _aFilosofĂ­a del trabajo /
_cpor Laureano Figuerola.
260 _aMadrid :
_b[s.n.],
_c1861 (
_fImprenta de Manuel Galiano)
300 _a16 p. ;
_c22 cm.
650 0 4 _aTrabajo-
_xFilosofĂ­a
_917595
852 _aES-MaACL
_jT-1281-F-4
999 _c54175
_d54175